Loading...
Literature - European Literature | 0 | 2 | 0 | 1 | 20 | 128 | 131.00 | 0 | 2 |
Fine Arts - Other Fine Arts | 0 | 2 | 0 | 1 | 20 | 129 | 134.00 | 0 | 2 |
Current Events | 0 | 2 | 0 | 0 | 20 | 84 | 106.00 | 0 | 1 |
History - European History | 1 | 0 | 1 | 0 | 10 | 39 | 39.00 | 1 | 1 |
History - Other History | 0 | 1 | 0 | 0 | 10 | 100 | 100.00 | 0 | 1 |
History - World History | 0 | 1 | 0 | 0 | 10 | 85 | 85.00 | 1 | 1 |
Religion | 0 | 1 | 0 | 1 | 10 | 123 | 123.00 | 0 | 1 |
Pop Culture | 1 | 0 | 1 | 0 | 10 | 45 | 45.00 | 0 | 1 |
Fine Arts - Auditory Fine Arts | 0 | 1 | 0 | 0 | 10 | 128 | 128.00 | 0 | 1 |
Philosophy | 0 | 1 | 0 | 1 | 10 | 139 | 139.00 | 0 | 1 |
Literature - World Literature | 0 | 1 | 0 | 0 | 10 | 119 | 119.00 | 0 | 0 |
History - American History | 0 | 1 | 1 | 1 | 5 | 138 | 138.00 | 0 | 0 |
Literature - British Literature | 0 | 0 | 0 | 0 | 0 | 0.00 | 0 | 0 | |
Fine Arts - Visual Fine Arts | 0 | 0 | 0 | 0 | 0 | 0.00 | 0 | 0 | |
Mythology | 0 | 0 | 1 | 0 | -5 | 0.00 | 0 | 0 | |
Science - Other Science | 0 | 0 | 1 | 0 | -5 | 0.00 | 0 | 0 |